One Billion Streams on Spotify - Sudden Death - Statistics

General Stats
  • This quiz has been taken 2,427 times
  • The average score is 3 of 16
Answers on the Grid
Answers color-coded by a green-red scale on the quiz's grid according to % correct below.
Blinding Lights
Such Great Heights
Good Luck, Babe!
Dior
EARFQUAKE
Pumped Up Kicks
Finesse
Houdini
The Reason
She Looks So Perfect
Poetic Justice
1979
Sucker for Pain
Lovers Rock
Harlem Shake
Bubbly
All Star
CARNIVAL
Runaway
Paranoid
favorite crime
FE!N
Some Nights
Bohemian Rhapsody
Paper Planes
The Man Who Can't Be Moved
Heading South
Chicago Freestyle
Super Bass
Mr. Brightside
Work Out
Sex On Fire
 
Answer Stats
Answer % Correct
Blinding Lights
88%
Bohemian Rhapsody
42%
Mr. Brightside
34%
Pumped Up Kicks
28%
FE!N
23%
All Star
17%
Good Luck, Babe!
17%
EARFQUAKE
15%
Sex On Fire
15%
Dior
9%
Sucker for Pain
9%
Paranoid
5%
favorite crime
4%
The Reason
3%
Work Out
3%
Lovers Rock
2%
No matching quizzes found
Score Distribution
Percent of People with Each Score
Percentile by Number Answered
Your Score History
You have not taken this quiz